Introducción a la dinámica

Bibliographic Details
Main Author: Karnopp, Bruce
Format: Section = Libro
Language:Undetermined
Spanish
Published: México Representaciones y Servicios de Ingeniería 1980
Subjects:
LEADER 00542nam a2200205Ia 4500
008 240829s9999 xx 000 0 und d
020 |a 968-6062-20-3 
040 |a BIBLIOTECA-RUPAP 620.104 K18 
041 |a spa 
082 |a 620.104 K18 
100 1 |a Karnopp, Bruce 
245 1 0 |a Introducción a la dinámica 
260 |a México  |b Representaciones y Servicios de Ingeniería  |c 1980 
300 |a 584 p. :il. 
650 7 |a DINAMICA 
650 7 |b  ESTATICA 
650 7 |c  CINEMATICA. I. Tít. 
942 |c BK  |2 ddc 
991 |a TEXTO 
999 |c 7904